|
|
|
|
| LEADER |
02584nam a2200637 i 4500 |
| 001 |
nkc20243598975 |
| 003 |
CZ PrNK |
| 005 |
20240516072047.0 |
| 007 |
ta |
| 008 |
240403s2024 xr a g f 000 0 cze |
| 015 |
|
|
|a cnb003598975
|
| 020 |
|
|
|a 978-80-204-6294-7
|q (brožováno) :
|c Kč 369,00
|
| 035 |
|
|
|a (OCoLC)1433648098
|
| 040 |
|
|
|a OLA001
|b cze
|e rda
|
| 041 |
1 |
|
|a cze
|h spa
|
| 072 |
|
7 |
|a 316.4/.7
|x Sociální interakce. Sociální komunikace
|2 Konspekt
|9 18
|
| 080 |
|
|
|a 004+621.39
|2 MRF
|
| 080 |
|
|
|a 316.772:004.738.5
|2 MRF
|
| 080 |
|
|
|a 37.015.31:001.102
|2 MRF
|
| 080 |
|
|
|a 364.692:004.738.5
|2 MRF
|
| 080 |
|
|
|a 364.636:004
|2 MRF
|
| 080 |
|
|
|a (0.062)
|2 MRF
|
| 100 |
1 |
|
|a Banderas, Alicia
|7 ola20241222324
|4 aut
|
| 240 |
1 |
0 |
|a Habla con ellos de pantallas y redes sociales.
|l Česky
|
| 245 |
1 |
0 |
|a Mluvte s nimi o tabletech, mobilech a sociálních sítích /
|c Alicia Banderas ; ilustrace Claudia Ranucci ; ze španělského originálu Habla con ellos de pantallas y redes sociales ... přeložila Eva Šašková
|
| 250 |
|
|
|a 1. vydání
|
| 264 |
|
1 |
|a V Praze :
|b Mladá fronta,
|c 2024
|
| 300 |
|
|
|a 123, 101 stran :
|b barevné ilustrace ;
|c 23 cm
|
| 336 |
|
|
|a text
|b txt
|2 rdacontent
|
| 336 |
|
|
|a statický obraz
|b sti
|2 rdacontent
|
| 337 |
|
|
|a bez média
|b n
|2 rdamedia
|
| 338 |
|
|
|a svazek
|b nc
|2 rdacarrier
|
| 500 |
|
|
|a Část Kompas pro děti tištěna zvratmo
|
| 505 |
0 |
|
|a Kompas pro rodiče -- Kompas pro děti
|
| 521 |
8 |
|
|a Pro čtenáře od 12 let
|
| 650 |
0 |
7 |
|a informační a komunikační technologie
|7 ph752781
|2 czenas
|
| 650 |
0 |
7 |
|a internetová komunikace
|7 ph162911
|2 czenas
|
| 650 |
0 |
7 |
|a informační gramotnost
|7 ph222829
|2 czenas
|
| 650 |
0 |
7 |
|a netolismus
|7 ph988986
|2 czenas
|
| 650 |
0 |
7 |
|a kyberšikana
|7 ph648379
|2 czenas
|
| 650 |
0 |
9 |
|a information and communication technology
|2 eczenas
|
| 650 |
0 |
9 |
|a Internet communication
|2 eczenas
|
| 650 |
0 |
9 |
|a information literacy
|2 eczenas
|
| 650 |
0 |
9 |
|a netholism
|2 eczenas
|
| 650 |
0 |
9 |
|a cyberbullying
|2 eczenas
|
| 655 |
|
7 |
|a populárně-naučné publikace
|7 fd131864
|2 czenas
|
| 655 |
|
9 |
|a popular works
|2 eczenas
|
| 700 |
1 |
|
|a Ranucci, Claudia,
|d 1973-
|7 ola20241222325
|4 ill
|
| 700 |
1 |
|
|a Šašková, Eva,
|d 1980-
|7 xx0195491
|4 trl
|
| 910 |
2 |
|
|a BOA001
|b 2-1524.106
|
| 928 |
9 |
|
|a Albatros Media - Mladá fronta
|
| 990 |
|
|
|a BK
|
| 995 |
|
|
|a 01
|
| 991 |
|
|
|b 202404
|c NOV
|
| 996 |
6 |
|
|b 2610966399
|c 2-1524.106
|l MZK
|r Sklad / do 1 hodiny
|n 4
|p p.v.
|w 001960311
|u 000010
|a 1
|e BOA001
|j MZK50
|s P
|
| 996 |
7 |
|
|b 2610969724
|c 2-1524.106
|l Vol.výběr
|r VV 0p
|n 5
|p kup
|h 316.774 BAN
|w 001960311
|u 000020
|a 0
|e BOA001
|j MZK50
|s A
|